| 000 | 00404cam a22001697 4500 | ||
|---|---|---|---|
| 001 | ltf91064091 | ||
| 003 | DLC | ||
| 005 | 20260227111554.0 | ||
| 008 | 910624s1946 it 000 0 pol | ||
| 010 | _altf91064091 | ||
| 040 |
_aDLC _cDLC _dDLC |
||
| 050 | 0 | 0 | _a4PR 25 |
| 100 | 1 |
_aConrad, Joseph, _d1857-1924. |
|
| 245 | 1 | 0 | _aPlantator z malaty. |
| 260 |
_aRzym, _bK. Breiter, _c1946. |
||
| 300 | _a83 p. | ||
| 999 |
_c37647 _d37647 |
||